00338nam a2200121Ia 4500008004000000082001700040100002600057245004500083250000500128260005200133300001200185650001900197210210b1981 xxu||||| |||| 00| 0 eng d a954.035 MAHN aMAHAJAN (Vidya Dhar). aNationalist movement in India. Rev Ed 2. a aNew Delhi.bSterling Publishers Pvt Ltd.,c1981 axvi,592 aModern India